| 000 | 04423cam a22005054i 4500 | ||
|---|---|---|---|
| 003 | PE-LiUPU | ||
| 005 | 20250731173054.0 | ||
| 008 | 180509s2017 ne rb 001 0 eng d | ||
| 020 | _a9789004328716 | ||
| 035 | _a(Sirsi) a241514 | ||
| 040 |
_aPE-LiUPU _bspa _cPE-LiUPU _erda |
||
| 049 | _aPRUA | ||
| 082 | 0 | 4 |
_a299.936 _bH2 _223 |
| 245 | 0 | 0 |
_aHandbook of Scientology / _cedited by James R. Lewis, Kjersti Hellesøy. |
| 264 | 1 |
_aLeiden ; _aBoston : _bBrill, _c2017. |
|
| 300 |
_axxvii, 592 páginas ; _c25 centímetros. |
||
| 336 |
_atext _2rdacontent |
||
| 337 |
_aunmediated _2rdamedia |
||
| 338 |
_avolume _2rdacarrier |
||
| 490 | 0 |
_aBrill handbooks on contemporary religion, _x1874-6691 ; _vvolume 14 |
|
| 504 | _aBibliografía al final de cada capítulo. | ||
| 504 | _aÍndice : páginas 585-592. | ||
| 505 | 0 | _aChronology of major events in the history and development of Dianetics and Scientology -- Introduction / James R Lewis and Kjersti Hellesøy -- Introductory essays -- Researching Scientology and scientologists in the United States : methods and conclusions / Donald A. Westbrook ; Rethinking Scientology : an analysis of L. Ron Hubbard's formulation of therapy and religion in Dianetics and Scientology, 1950-1986 / Dorthe Refslund Christensen -- Images of religions and religious history in the works of L. Ron Hubbard / Marco Frenschkowski -- Not an extraordinary group : scientologists in Hungary and Germany : comparative survey data / András Máté-Tóth and Gábor Dániel Nagy -- The relative success of the Church of Scientology : a discussion / Liselotte Frisk -- Scientology and marketplace religion. Scientology as 'corporate religion' / Renee Lockwood ; The price of freedom : Scientology and neoliberalism / Michelle Swainson -- Controversy. Deconstructing the Scientology 'monster' of popular imagination / Erin Prophet -- The Anderson inquiry and its Australian aftermath 1963-1973 / Bernard Doherty ; 'Secrets, secrets, SECRETS!' Concealment, surveillance, and information-control in the Church of Scientology / Hugh B. Urban ; Hermeneutics of suspicion : Scientology and conspiracism / David G. Robertson -- Media treatments. News media, the Internet and the Church of Scientology / Nicole S. Ruskell and James R. Lewis ; "LRH4ALL!" : the negotiation of information in the Church of Scientology and the open source Scientology movement / Shannon Trouper Schorey ; Scientology in Paul Thomas Anderson's The master (2012) / Johanna J.M. Petsche ; The going clear documentary : a matter of framing / Benjamin E. Zeller -- Part 5: Sex and gender. The cult of Geeks : religion, gender and Scientology / Inga Bårdsen Tollefsen and James R. Lewis ; Sexuality in three ex-Scientology narratives / Don Jolly -- Part 6: Disaffiliation and schisms. Affiliation, disaffiliation and its significance for the individual's post-movement faith : a sociological study of disaffiliated scientologists with emphasis on their post-apostatic religious behavior and attitudes / Elisabeth Tuxen Rubin ; Scientology schismatics / Kjersti Hellesøy ; The Dror Center schísm, the Cook letter and Scientology's legitimation crisis / James R. Lewis ; "Squirrels" and unauthorized uses of Scientology : Werner Erhard and EST, Ken Dyers and Kenja, and Harvey Jackins and re-evaluation counselling / Carole M. Cusack -- Part 7: LRH and his legacy. Space, place and religious hardware : L. Ron Hubbard's charismatic authority in the Church of Scientology / Mikael Rothstein ; Astounding history : L. Ron Hubbard's Scientology space opera / Susan Raine -- The Citizens Commission on Human Rights and Scientology's war against psychiatry / Matthew Charet. | |
| 526 | _aSEG42 | ||
| 526 | _aSEG41 | ||
| 526 | _aSEG40 | ||
| 526 | _aSEG39 | ||
| 526 | _aP94 | ||
| 526 | _aP87 | ||
| 526 | _aP86 | ||
| 526 | _aP85 | ||
| 526 | _aP77 | ||
| 526 | _aP76 | ||
| 526 | _aP35 | ||
| 541 | _20180305; | ||
| 650 | 0 | 4 | _aScientology. |
| 650 | 0 | 4 | _aCienciología. |
| 700 | 1 |
_aHellesøy, Kjersti, _eeditor. |
|
| 700 | 1 |
_aLewis, James R., _eeditor. |
|
| 910 |
_adbm _bjpc _cjpc _d20180309 |
||
| 942 |
_2ddc _cBOOK |
||
| 994 |
_aC0 _bPEPRU |
||
| 596 | _a1 | ||
| 999 |
_a299.936 H2 _wDEWEY _c27141 _i78416 _f2021-11-11 _g4 _lCCODEBUL1 _mBUL _p226.00 _r0 _sY _tBOOK _u2018-3-9 _xTEOLOGIA _PP35 _0DONACION _o.STAFF. Colección Teología _d27141 |
||
| 980 |
_81 _gALBERTO SANCHEZ Responsable de Automatización |
||